000 01103nam a2200253Ia 4500
003 OSt
005 20221005103346.0
006 a|||||r|||| 00| 0
007 ta
008 221004b |||||||| |||| 00| 0 hin d
024 _a244
037 _cTextual
040 _aCRL
_cCRL
_bhin
041 _2hin
_ahin
082 _aO152,1:g(P:75), P3
100 _aशर्मा, आशा
245 0 _aआधुनिक हिन्दी महाकाव्यों के वस्तु - विन्यास एवं अभिव्यंजना - शिल्प का अध्ययन
_b सन् 1900 से 1960 ई. तक
246 _aĀdhunik hindī mahākāvyoan ke vastu - vinyās evan abhivyanjanā - shilpa kā adhyayana: san 1900 se 1960 ī. Taka
260 _aजबलपुर
_bजबलपुर विश्वविद्यालय भारत
_c2003
300 _a447पृ0
_ccm.
650 _aहिन्दी साहित्य
942 _hO152,1:g(P:75), P3
_cTEXL
_2cc
999 _c1009942
_d1009942